书目信息 |
| 题名: |
微生物学实验
|
|
| 作者: | 唐丽杰 主编 | |
| 分册: | ||
| 出版信息: | 哈尔滨 哈尔滨工业大学出版社 2005 |
|
| 页数: | 278页 | |
| 开本: | 23cm | |
| 丛书名: | ||
| 单 册: | ||
| 中图分类: | Q93-33 | |
| 科图分类: | ||
| 主题词: | 微生物学--实验--高等学校--教材 , 微生物学 | |
| 电子资源: | ||
| ISBN: | 7-5603-2096-1 | |
| 000 | 00816nam0 2200229 450 | |
| 001 | 002848905 | |
| 005 | 20061101163848.60 | |
| 010 | @a7-5603-2096-1@dCNY24.00 | |
| 100 | @a20050316d2005 em y0chiy0110 ea | |
| 101 | 0 | @achi |
| 102 | @aCN@b230000 | |
| 105 | @aa z 000yy | |
| 200 | 1 | @a微生物学实验@9wei sheng wu xue shi yan@f唐丽杰主编 |
| 210 | @a哈尔滨@c哈尔滨工业大学出版社@d2005 | |
| 215 | @a278页@c图@d23cm | |
| 330 | @a全书分为12个部分,包括实验室常用的设备和器具、显微镜的使用、微生物的形态学观察、微生物的培养技术、微生物的生理生化反应、微生物数量的测定等,每一部分由相关实验组成,共有70个实验。 | |
| 606 | 0 | @a微生物学@x实验@x高等学校@j教材 |
| 606 | 0 | @a微生物学 |
| 690 | @aQ93-33@v4 | |
| 701 | 0 | @a唐丽杰@9tang li jie@c(女,@f1971~)@4主编 |
| 801 | 0 | @aCN@bNLC@c20061101 |
| 905 | @a10447@dQ93-33@e43 | |
| 微生物学实验/唐丽杰主编.-哈尔滨:哈尔滨工业大学出版社,2005 |
| 278页:图;23cm |
| ISBN 7-5603-2096-1:CNY24.00 |
| 全书分为12个部分,包括实验室常用的设备和器具、显微镜的使用、微生物的形态学观察、微生物的培养技术、微生物的生理生化反应、微生物数量的测定等,每一部分由相关实验组成,共有70个实验。 |
| ● |
| 相关链接 |
|
|
|
|
正题名:微生物学实验
索取号:Q93-33/43
 
预约/预借
| 序号 | 登录号 | 条形码 | 馆藏地/架位号 | 状态 | 备注 |
| 1 | 0387433 | 203874334 | 第二样本阅览室/ [索取号:Q93-33/43] | 在馆 | |
| 2 | 0387434 | 203874343 | 第三借阅区/ [索取号:Q93-33/43] | 在馆 | |
| 3 | 0387435 | 203874352 | 第三借阅区/ [索取号:Q93-33/43] | 在馆 | |
| 4 | 0387436 | 203874361 | 第三借阅区/ [索取号:Q93-33/43] | 在馆 | |
| 5 | 0387437 | 203874370 | 第三借阅区/ [索取号:Q93-33/43] | 在馆 |